| 000 | 00521nam a2200145Ia 4500 | ||
|---|---|---|---|
| 008 | 170221s9999 xx 000 0 und d | ||
| 100 | _aAnna Nikolaevna Schmeleva | ||
| 245 | _aEnhancement of Academic Research Activity in HEIs with the Usage of Foresight Methodology | ||
| 245 | _cAnna Nikolaevna Schmeleva, Maria Gennadyevna Umnova | ||
| 260 | _bInternational Review of Management and Marketing | ||
| 260 | _c2017 | ||
| 300 | _a7 : 1 | ||
| 650 | _xMarketing. | ||
| 856 | _uhttp://www.econjournals.com/index.php/irmm | ||
| 999 |
_c308012 _d308012 |
||